000 00278nam a2200109Ia 4500
008 190216s9999||||xx |||||||||||||| ||und||
100 _aMursay R Speegel
245 0 _aTheory And Problems Of Probability And Statistics
260 _bMcgraw -hill
650 _aCommerce
942 _cBK
999 _c4937
_d4937